Cenovou válku nahradí kvalitní nákupní prostředí
Category management ako proces optimálneho riadenia kategórie produktov so zameraním na zákazníka. Umiestnenie správnej produktovej rady na správnom mieste a v správnom množstve. Úzka spolupráca výrobcu a predajcu. Monitorovanie vývoja na trhu a jeho flexibilné zohľadňovanie. Slovník pojmov z oblast...
Salvato in:
| Autore principale: | |
|---|---|
| Natura: | Capitolo di libro |
| Lingua: | ceco |
| Soggetti: | |
| Tags: |
Nessun Tag, puoi essere il primo ad aggiungerne!!
|
MARC
| LEADER | 00000naa$a2200000$$$4500 | ||
|---|---|---|---|
| 001 | 0022806 | ||
| 005 | 20231018124054.6 | ||
| 041 | 0 | |a cze | |
| 044 | |a CZ | ||
| 245 | 1 | 0 | |a Cenovou válku nahradí kvalitní nákupní prostředí |c Miroslav Karlíček |
| 520 | |a Category management ako proces optimálneho riadenia kategórie produktov so zameraním na zákazníka. Umiestnenie správnej produktovej rady na správnom mieste a v správnom množstve. Úzka spolupráca výrobcu a predajcu. Monitorovanie vývoja na trhu a jeho flexibilné zohľadňovanie. Slovník pojmov z oblasti Category managementu. | ||
| 610 | 2 | 0 | |a manažment sortimentný |
| 610 | 2 | 0 | |a stratégia marketingová |
| 610 | 2 | 0 | |a výrobcovia |
| 610 | 2 | 0 | |a dodávatelia |
| 610 | 2 | 0 | |a predajcovia |
| 610 | 2 | 0 | |a zákazníci |
| 610 | 2 | 0 | |a produkty |
| 610 | 2 | 0 | |a predajne |
| 610 | 2 | 0 | |a trh |
| 610 | 2 | 0 | |a flexibilita |
| 100 | 1 | |a Karlíček, Miroslav | |